UM Logo
Normal view MARC view
  • Mastracchio, Nicholas J., Jr.

Entry Personal Name

Number of records used in: 1

001 - CONTROL NUMBER

  • control field: 45389

003 - CONTROL NUMBER IDENTIFIER

  • control field: OSt

005 - DATE AND TIME OF LATEST TRANSACTION

  • control field: 20220606105246.0

008 - FIXED-LENGTH DATA ELEMENTS

  • fixed length control field: 220606|| aca||aabn | a|a d

040 ## - CATALOGING SOURCE

  • Original cataloging agency: OSt
  • Transcribing agency: OSt

100 ## - HEADING--PERSONAL NAME

  • Personal name: Mastracchio, Nicholas J., Jr.

670 ## - SOURCE DATA FOUND

  • Source citation: Work cat.: (OSt): Mastracchio, Nicholas J., Jr., Multiple auditing standards intensify the dilemma of what to teach:, ©2012.